Pridaná hodnota závodnou metódou za 1.-2. štvrťrok 1997

Uložené v:
Podrobná bibliografia
Médium: Kniha
Jazyk:Slovak
Vydavateľské údaje: Bratislava Štatistický úrad Slovenskej republiky 1997
Edícia:Národné účty
Tagy: Pridať tag
Žiadne tagy, Buďte prvý, kto otaguje tento záznam!

MARC

LEADER 00000nam a2200000 4500
001 c021525
005 20251208103339.1
041 0 |a slo 
044 |a SK 
245 1 0 |a Pridaná hodnota závodnou metódou za 1.-2. štvrťrok 1997 
264 1 |a Bratislava  |b Štatistický úrad Slovenskej republiky  |c 1997 
300 |a 13 s. 
490 1 |a Národné účty 
830 0 |a Národné účty